LEADER 02270nam 2200529 450 001 9910466272403321 005 20200520144314.0 010 $a3-11-094577-0 024 7 $a10.1515/9783110945775 035 $a(CKB)3710000001091981 035 $a(MiAaPQ)EBC5156163 035 $a(DE-B1597)45460 035 $a(OCoLC)984651049 035 $a(DE-B1597)9783110945775 035 $a(Au-PeEL)EBL5156163 035 $a(CaPaEBR)ebr11566701 035 $a(EXLCZ)993710000001091981 100 $a20180814d1992 uy 0 101 0 $ager 135 $aurcnu|||||||| 181 $ctxt$2rdacontent 182 $cc$2rdamedia 183 $acr$2rdacarrier 200 00$aGesamtkatalog der Tonaufnahmen des Deutschen Spracharchivs /$fHerausgabe und Schriftleitung, Walter Haas, Peter Wagener 205 $aReprint 2017 210 1$aTu?bingen :$cMax Niemeyer Verlag,$d[1992] 210 4$d©1992 215 $a1 online resource (1,611 pages) $cillustrations, map 225 0 $aPhonai ;$v38/39 300 $aIncludes index. 311 $a3-484-23138-6 327 $tFrontmatter -- $tInhaltsverzeichnis -- $tVorwort -- $tEinleitung -- $tKatalog -- $tI/1-I/5857. Teil 1 -- $tI/1-I/5857. Teil 2 -- $tI/1-I/5857. Teil 3 -- $tIII/1-III/401 -- $tIV/1-IV/664 -- $tIV/665-IV/990 -- $tVII/ 85a-VII/326 -- $tX/1-X/130 -- $tXI/1-XI/250 -- $tXII/1-XII/41 -- $tXV/1-XV/9 -- $tBeschreibung der Register -- $tRegister der Mundartlandschaften -- $tRegister der Mundartorte -- $tRegister der Aufnahmeorte -- $tRegister der Berufe -- $tRegister der Wenkersätze -- $tRegister der Sprachschichten -- $tRegister der Erzählinhalte. Teil 1 -- $tRegister der Erzählinhalte. Teil 2 -- $tLiteraturverzeichnis -- $tKarte 606 $aGerman language$xSpoken German$vAudiotape catalogs 606 $aGerman language$xDialects$vAudiotape catalogs 608 $aElectronic books. 615 0$aGerman language$xSpoken German 615 0$aGerman language$xDialects 676 $a016.437 702 $aHaas$b Walter$f1942- 702 $aWagener$b Peter 801 0$bMiAaPQ 801 1$bMiAaPQ 801 2$bMiAaPQ 906 $aBOOK 912 $a9910466272403321 996 $aGesamtkatalog der Tonaufnahmen des Deutschen Spracharchivs$92486066 997 $aUNINA LEADER 02966nam 2200517 450 001 9910796617403321 005 20200520144314.0 010 $a3-11-052544-5 024 7 $a10.1515/9783110527421 035 $a(CKB)4100000001501832 035 $a(MiAaPQ)EBC5158159 035 $a(DE-B1597)474551 035 $a(OCoLC)1015880558 035 $a(DE-B1597)9783110527421 035 $a(Au-PeEL)EBL5158159 035 $a(CaPaEBR)ebr11480463 035 $a(EXLCZ)994100000001501832 100 $a20171215h20182018 uy| 0 101 0 $aeng 135 $aurcnu|||||||| 181 $2rdacontent 182 $2rdamedia 183 $2rdacarrier 200 10$aDynamical evolution of galaxies /$fZiaolei Zhang 210 1$aBerlin ;$aBoston :$cDe Gruyter,$d[2018] 210 4$d©2018 215 $a1 online resource (338 pages) 311 $a3-11-052519-4 311 $a3-11-052742-1 320 $aIncludes bibliographical references and index. 327 $tFrontmatter -- $tPreface -- $tContents -- $t1. Introduction -- $t2. Dynamical Drivers of Galaxy Evolution -- $t3. N-Body Simulations of Galaxy Evolution -- $t4. Astrophysical Implications of the Dynamical Theory -- $t5. Putting It All Together -- $t6. Concluding Remarks -- $t7. Appendix: Relation to Kinetics and Fluid Mechanics -- $tReferences -- $tIndex 330 $aThis research monograph presents a new dynamical framework for the study of secular morphological evolution of galaxies along the Hubble sequence. Classical approaches based on Boltzmann's kinetic equation, as well as on its moment-equation descendants the Euler and Navier-Stokes fluid equations, are inadequate for treating the maintenance and long-term evolution of systems containing self-organized structures such as galactic density-wave modes. A global and synthetic approach, incorporating correlated fluctuations of the constituent particles during a nonequilibrium phase transition, is adopted to supplement the continuum treatment. The cutting-edge research combining analytical, N-body simulational, and observational aspects, as well as the fundamental-physics connections it provides, make this work a valuable reference for researchers and graduate students in astronomy, astrophysics, cosmology, many-body physics, complexity theory, and other related fields. ContentsDynamical Drivers of Galaxy EvolutionN-Body Simulations of Galaxy EvolutionAstrophysical Implications of the Dynamical TheoryPutting It All TogetherConcluding RemarksAppendix: Relation to Kinetics and Fluid Mechanics 606 $aGalaxies$xEvolution 606 $aNucleosynthesis 607 $aMilky Way 615 0$aGalaxies$xEvolution. 615 0$aNucleosynthesis. 676 $a523.1/12 700 $aZhang$b Xiaolei$01584388 801 0$bMiAaPQ 801 1$bMiAaPQ 801 2$bMiAaPQ 906 $aBOOK 912 $a9910796617403321 996 $aDynamical evolution of galaxies$93868159 997 $aUNINA LEADER 04359nam 2200733 450 001 9910828613003321 005 20230403051321.0 010 $a1-4426-9944-2 024 7 $a10.3138/9781442699441 035 $a(CKB)2670000000419685 035 $a(EBL)3287100 035 $a(SSID)ssj0000951281 035 $a(PQKBManifestationID)12382886 035 $a(PQKBTitleCode)TC0000951281 035 $a(PQKBWorkID)10884926 035 $a(PQKB)11678200 035 $a(CEL)445937 035 $a(OCoLC)852803481 035 $a(CaBNVSL)slc00232637 035 $a(MiAaPQ)EBC3287100 035 $a(MiAaPQ)EBC4673024 035 $a(DE-B1597)465251 035 $a(OCoLC)979756911 035 $a(DE-B1597)9781442699441 035 $a(Au-PeEL)EBL4673024 035 $a(CaPaEBR)ebr11258673 035 $a(MdBmJHUP)musev2_105912 035 $a(EXLCZ)992670000000419685 100 $a20160926h20132013 uy 0 101 0 $aeng 135 $aur|n|---||||| 181 $ctxt 182 $cc 183 $acr 200 00$aBelonging and isolation in the Hellenistic world /$fedited by Sheila L. Ager and Riemer A. Faber 210 1$aToronto, [Ontario] ;$aBuffalo, [New York] ;$aLondon, [England] :$cUniversity of Toronto Press,$d2013. 210 4$d©2013 215 $a1 online resource (416 p.) 225 1 $aPhoenix Supplementary Volumes ;$v51 311 $a1-4426-4422-2 320 $aIncludes bibliographical references and index. 327 $tIntroduction: Belonging and isolation in the Hellenistic world: themes and questions /$rSheila Ager and Riemer Faber --$gpt. 1:$tIntercultural poetics and identity.$t"If I am from Syria-so what?": Meleager's Cosmopoetics /$rRegina Ho?schele ;$tInvective from the cultural periphery: the case of Hermeias of Kourion /$rPeter Bing ;$tGenre and ethnicity in the Epigrams of Meleager /$rKathryn Gutzwiller --$gpt. 2:$tOn the margins? Ethnicity and hellenicity.$tBelonging and isolation in Central Anatolia: the Galatians in the Graeco-Roman world /$rAltay Cos?kun ;$tThe importance of being Aitolian /$rJoseph Scholten ;$tDemocracy in the Hellenistic world /$rGlen Bugh --$gpt. 3:$tSymploke: Mediterranean systems and networks.$tPolybios and international systems theory /$rArthur Eckstein ;$tNetworks in the Hellenistic economy /$rGary Reger ;$tDiplomacy and the integration of the Hasmonean state /$rClaude Eilers --$gpt. 4:$tAlexandria: the invention of a city.$tFounding Alexandria in the Alexandrian imagination /$rAndrew Erskine ;$tThe birth myths of Ptolemy Soter /$rDaniel Ogden ;$t"Alexandrianism" again: regionalism, Alexandria, and aesthetics /$rCraig I. Hardiman --$gpt. 5:$tIntegration: social in-groups and out-groups.$tStaging the Oikos: character and belonging in Menander's Samia /$rChristina Vester ;$tMaking yourself at home in the Hellenistic world /$rRuth Westgare ;$tMere-patrie et patrie d'adoption a? l'epoque hellenistique: reflexions a? partir du cas des mercenaires cretois de Milet /$rPatrick Baker --$gpt. 6:$tInsulae: geopolitics and geopoetics.$t"Entirely ignorant of the Agora" (Alkiphron 1.14.3): fishing and the economy of Hellenistic Delos /$rEphraim Lytle ;$tDe l'ouverture au repli: Les pre?ts du sanctuaire de Delos /$rLeopold Migeotte ;$tConnections, origins, and the construction of belonging in the poetry of Kallimachos /$rMary Depew. 330 $aWith a range of social, artistic, economic, political, and literary perspectives, the contributors provide a lively exploration of the tensions and opportunities of life in the Hellenistic Mediterranean. 410 0$aPhoenix.$pSupplementary volume ;$v51. 606 $aHellenism 606 $aBelonging (Social psychology)$zMediterranean Region 606 $aSocial isolation$zMediterranean Region 607 $aMediterranean Region$xCivilization 607 $aGreece$xCivilization$yTo 146 B.C 608 $aElectronic books. 615 0$aHellenism. 615 0$aBelonging (Social psychology) 615 0$aSocial isolation 676 $a938/.08 700 $aAger$b Sheila, $0154109 702 $aAger$b Sheila L.$f1956- 702 $aFaber$b Riemer A. 801 0$bMiAaPQ 801 1$bMiAaPQ 801 2$bMiAaPQ 906 $aBOOK 912 $a9910828613003321 996 $aBelonging and isolation in the Hellenistic world$93915576 997 $aUNINA